Dirk Benedict in the 25th Century /

From the pages of the Mis-Adventures of Adam West comes this new action packed space adventure. Dirk Benedict-- "Starbuck" in the original Battlestar Galactica and The A-Team's "Faceman"-- is signing autographs at a convention when a mysterious scientist appears, transportin...

Full description

Bibliographic Details
Corporate Author: Library Pass, LLC
Other Authors: Benedict, Dirk (writer.), McKenzie , Leon (writer.), Phillips , Scott (writer.)
Format: eBook
Language:English
Published: [United States] : TidalWave Productions, 2015.
Subjects:
Online Access:Connect to this electronic book (First time users create your free account)

MARC

Tag First Indicator Second Indicator Subfields
LEADER 00000nmm a22000001a 4500
001 in00004608513
006 m|||||o||m||||||||
007 cr|cn |||uuuuu
008 221118s2015 xxu||||eo|||| ||||||eng d
005 20221207213109.0
035 |a (TxWaIVM)IV59166TiDi 
040 |a TxWaIVM  |c TxWaIVM 
245 0 0 |a Dirk Benedict in the 25th Century /  |c powered by Library Pass. 
260 3 |a [United States] :  |b TidalWave Productions,  |c 2015. 
300 |a 1 online resource. 
336 |a text  |b txt  |2 rdacontent 
337 |a computer  |b c  |2 rdamedia 
338 |a online resource  |b cr  |2 rdacarrier 
520 |a From the pages of the Mis-Adventures of Adam West comes this new action packed space adventure. Dirk Benedict-- "Starbuck" in the original Battlestar Galactica and The A-Team's "Faceman"-- is signing autographs at a convention when a mysterious scientist appears, transporting Dirk to Earth's far-flung future, where he discovers he's mankind's only hope against an oppressive computer and its robot army!  
521 |a 4 
538 |a Requires a valid library card and registration for new users. 
538 |a Mode of access: World Wide Web. 
538 |a System requirements: Flash 10.1 or higher, Windows XP and higher, Internet Explorer 7 and higher, Firefox 3.6 and higher, Google Chrome; Max OS 10.5 and higher, Safari 4 and higher. 
650 0 |a Comic books, strips, etc. 
655 7 |a Electronic books.  |2 local 
655 7 |a Comic books, strips, etc.  |2 gsafd 
650 0 |a Science fiction comic books, strips, etc. 
655 7 |a Science fiction comic books, strips, etc.  |2 gsafd 
700 1 |a Benedict, Dirk.  |e writer. 
700 1 |a McKenzie , Leon.  |e writer. 
700 1 |a Phillips , Scott.  |e writer. 
700 1 |a Villarreal , Guillermo.  |e artist. 
700 1 |a Larden, Hal.  |e artist. 
710 2 |a Library Pass, LLC. 
856 4 0 |u http://proxy.library.tamu.edu/login?url=https://tamu.librarypass.com/product/com.iversecomics.bluewater.productions.dirk.benedict.in.the.25th.century.english.04012015  |z Connect to this electronic book (First time users create your free account)  |t 0 
955 |a Comics Plus. 
999 f f |s 4f695deb-28a7-4b81-ab3e-eeb95d737cab  |i d48e7797-c7d9-4777-8e72-4dcad27c4ffa  |t 0 
952 f f |a Texas A&M University  |b College Station  |c Electronic Resources  |d Available Online  |t 0  |h Library of Congress classification 
998 f f |t 0  |l Available Online